000
00259nam a22001217a 4500
008
170222b xxu||||| |||| 00| 0 alb d
041
_a
alb
080
_a
616.31
100
_a
5
101
_a
SHS
245
_a
DHEMBET DHE SHENDETI
_c
BILERO, J
942
_2
udc
_c
BK
999
_c
6068
_d
6068